Исследование электрического дугового разряда постоянного тока на графитовых электродах в воздушной атмосфере; Юность и знания - гарантия успеха -2016
| Parent link: | Юность и знания - гарантия успеха -2016.— 2016.— [С. 392-396] |
|---|---|
| מחבר תאגידי: | |
| מחברים אחרים: | , , , |
| סיכום: | Заглавие с экрана В работе рассмотрены экспериментальные данные по генерации углеродной электродуговой плазмы в воздушной атмосфере; рассмотрены различные конструкции электродов. Режим доступа: по договору с организацией-держателем ресурса |
| שפה: | רוסית |
| יצא לאור: |
2016
|
| נושאים: | |
| גישה מקוונת: | http://regionika.ru/konf/%CC%CB-16%20%CC%E0%EA%E5%F2.pdf#page=196 https://elibrary.ru/item.asp?id=26900530 |
| פורמט: | MixedMaterials אלקטרוני Book Chapter |
| KOHA link: | https://koha.lib.tpu.ru/cgi-bin/koha/opac-detail.pl?biblionumber=656297 |
MARC
| LEADER | 00000naa0a2200000 4500 | ||
|---|---|---|---|
| 001 | 656297 | ||
| 005 | 20250620092511.0 | ||
| 035 | |a (RuTPU)RU\TPU\network\22738 | ||
| 090 | |a 656297 | ||
| 100 | |a 20171107d2016 k||y0rusy50 ca | ||
| 101 | 0 | |a rus | |
| 102 | |a RU | ||
| 135 | |a drcn ---uucaa | ||
| 181 | 0 | |a i | |
| 182 | 0 | |a b | |
| 200 | 1 | |a Исследование электрического дугового разряда постоянного тока на графитовых электродах в воздушной атмосфере |f Е. В. Биятто [и др.] | |
| 203 | |a Текст |c электронный | ||
| 300 | |a Заглавие с экрана | ||
| 320 | |a [Библиогр.: с. 396 (15 назв.)] | ||
| 330 | |a В работе рассмотрены экспериментальные данные по генерации углеродной электродуговой плазмы в воздушной атмосфере; рассмотрены различные конструкции электродов. | ||
| 333 | |a Режим доступа: по договору с организацией-держателем ресурса | ||
| 463 | |t Юность и знания - гарантия успеха -2016 |o сборник научных трудов 3-й Международной молодежной научной конференции, 5-6 октября 2016 г., Курск |v [С. 392-396] |f Юго-Западный государственный университет (ЮЗГУ) ; Московский государственный машиностроительный университет (МАМИ) ; Северо-Казахстанский государственный университетим. М. Козыбаева ; Харьковский национальный автомобильно-дорожный университет ; Сумской государственный университет ; Ставропольский государственный аграрный университет ; отв. ред. А. А. Горохов |d 2016 | ||
| 610 | 1 | |a электронный ресурс | |
| 610 | 1 | |a труды учёных ТПУ | |
| 610 | 1 | |a дуговые разряды | |
| 610 | 1 | |a углеродная плазма | |
| 610 | 1 | |a применение | |
| 701 | 1 | |a Биятто |b Е. В. |g Елена Вениаминовна | |
| 701 | 1 | |a Привалихина |b К. К. |g Ксения Константиновна | |
| 701 | 1 | |a Шарманова |b Г. Ю. |g Галина Юрьевна | |
| 701 | 1 | |a Пак |b А. Я. |c специалист в области электротехники |c профессор Томского политехнического университета, доктор технических наук |f 1986- |g Александр Яковлевич |3 (RuTPU)RU\TPU\pers\30051 |9 14481 | |
| 712 | 0 | 2 | |a Национальный исследовательский Томский политехнический университет (ТПУ) |b Институт кибернетики (ИК) |b Кафедра систем управления и мехатроники (СУМ) |3 (RuTPU)RU\TPU\col\22617 |
| 801 | 2 | |a RU |b 63413507 |c 20171107 |g RCR | |
| 850 | |a 63413507 | ||
| 856 | 4 | |u http://regionika.ru/konf/%CC%CB-16%20%CC%E0%EA%E5%F2.pdf#page=196 | |
| 856 | 4 | |u https://elibrary.ru/item.asp?id=26900530 | |
| 942 | |c CF | ||